Operations management : theory and problems /

Bibliographic Details
Main Author: Monks, Joseph G.
Format: Book
Language:English
Published: New York : McGraw-Hill, [1982]
Edition:2nd ed.
Series:McGraw-Hill series in management.
Subjects:

MARC

Tag First Indicator Second Indicator Subfields
LEADER 00000pam a2200000 a 4500
001 in00000092351
005 20150923132113.0
008 810914s1982 nyua b 00110 eng
010 |a  81015590  
020 |a 0070427208 
035 |a (OCoLC)07838080 
035 |9 AAK7434AM 
039 0 |a 2  |b 3  |c 3  |d 3  |e 3 
040 |a DLC  |c DLC  |d TXA  |d UtOrBLW 
049 |a TXAM  |c [1633374] 
050 0 0 |a TS155  |b .M67 1982 
082 0 |a 658.5  |2 19 
100 1 |a Monks, Joseph G. 
245 1 0 |a Operations management :  |b theory and problems /  |c Joseph G. Monks. 
250 |a 2nd ed. 
264 1 |a New York :  |b McGraw-Hill,  |c [1982] 
264 4 |c ©1982 
300 |a 789 pages in various pagings :  |b illustrations ;  |c 24 cm. 
336 |a text  |b txt  |2 rdacontent 
337 |a unmediated  |b n  |2 rdamedia 
338 |a volume  |b nc  |2 rdacarrier 
490 1 |a McGraw-Hill series in management 
504 |a Includes bibliographies and index. 
650 0 |a Production management. 
830 0 |a McGraw-Hill series in management. 
999 |a MARS 
999 f f |s 3c700ed9-7405-368d-a1ce-03edf1ef31c8  |i fda4ba45-48da-3939-a24c-aaeccd05f418  |t 0 
952 f f |p ric  |a Texas A&M University  |b Rellis Campus  |c Joint Library Facility  |d Remote Storage  |t 0  |e TS155 .M67 1982  |h Library of Congress classification  |i unmediated -- volume  |m A14823709913 
998 f f |a TS155 .M67 1982  |t 0  |l Remote Storage